Statistics for 6-Letter Word Chain

Click here to take the quiz!

General Stats

  • This quiz has been taken 255 times
  • The average score is 14 of 18

Answer Stats

HintAnswer% Correct
Tower in ParisEiffel
98%
Biggest country by land areaRussia
95%
A expression of gratitudeThanks
94%
A part of the eyeRetina
91%
A Mexican dish containing chipsNachos
90%
A blockbuster movie with blue creaturesAvatar
88%
A fish that is commonly eatenSalmon
88%
American singer and actress; GomezSelena
88%
The last name of a popular Soviet Union leaderStalin
87%
Not digitalAnalog
86%
U.S. stateNevada
82%
A position in soccer/footballGoalie
80%
Country in AfricaAngola
69%
Used to climbLadder
69%
An Old Testament book in the BibleExodus
55%
To rub gently with the noseNuzzle
45%
Chemical and electrical signals sent throughout the bodyNeuron
41%
The people of the Andes Mountain in South AmericaAndean
29%

Score Distribution

Percentile by Number Answered

Percent of People with Each Score

Your Score History

You have not taken this quiz